[Event "?"]
[Site "gics rated blitz game, gics, "]
[Date "1997.??.??"]
[Round "?"]
[White "Brause"]
[Black "OliB"]
[Result "1-0"]
[WhiteElo "2370"]
[BlackElo "1615"]
[PlyCount "27"]

1. e4 e5 2. Nf3 Nc6 3. Nc3 Nf6 4. Nxe5 Nxe5 5. d4 Ng6 6. e5 Ng8 7. Bc4 f6 8.
Qh5 c6 9. Bd3 N8e7 10. exf6 gxf6 11. O-O d5 12. Re1 Qd6 13. Bxg6+ hxg6 14. Qxh8
1-0

[Event "?"]
[Site "gics rated blitz game, gics, "]
[Date "1997.??.??"]
[Round "?"]
[White "Brause"]
[Black "Wildsau"]
[Result "1-0"]
[WhiteElo "2365"]
[BlackElo "2475"]
[PlyCount "93"]

1. e4 e5 2. Nf3 Nc6 3. Nc3 Nf6 4. Nxe5 Nxe5 5. d4 Nc6 6. d5 Ne5 7. f4 Ng6 8. e5
Ng8 9. d6 cxd6 10. exd6 Qh4+ 11. g3 Qf6 12. Nb5 Kd8 13. Be3 b6 14. Nxa7 Bxd6
15. Bxb6+ Ke7 16. Bb5 Qxb2 17. O-O Qa3 18. Nxc8+ Rxc8 19. Rf3 Qb2 20. Rb1 Qxa2
21. Re3+ Kf8 22. Qxd6+ N8e7 23. Rbe1 Kg8 24. Bxd7 Rf8 25. Rxe7 Nxe7 26. Qxe7
Qa8 27. Bc5 g6 28. Be8 Rxe8 29. Qxe8+ Qxe8 30. Rxe8+ Kg7 31. Bd4+ f6 32. Bxf6+
Kxf6 33. Rxh8 h5 34. Kf2 Kf5 35. Rf8+ Ke6 36. Re8+ Kf7 37. Re5 Kf6 38. c4 h4
39. c5 hxg3+ 40. Kxg3 Kf7 41. c6 g5 42. c7 gxf4+ 43. Kxf4 Kg6 44. c8=Q Kg7 45.
Qd7+ Kh6 46. Re6+ Kh5 47. Qh7# 1-0

[Event "?"]
[Site "gics rated blitz game, gics, "]
[Date "1997.??.??"]
[Round "?"]
[White "Brause"]
[Black "Wildsau"]
[Result "0-1"]
[WhiteElo "2365"]
[BlackElo "2470"]
[PlyCount "196"]

1. e4 e5 2. Nf3 Nc6 3. Nc3 Nf6 4. Nxe5 Nxe5 5. d4 Nc6 6. d5 Ne5 7. f4 Ng6 8. e5
Ng8 9. d6 cxd6 10. exd6 Qh4+ 11. g3 Qf6 12. Nb5 Kd8 13. Be3 b6 14. Nxa7 Bxd6
15. Bxb6+ Ke8 16. Nxc8 Rxc8 17. Bd4 Qe7+ 18. Be2 Nf6 19. Qd3 Rc6 20. Qf3 Bc5
21. O-O-O Bxd4 22. Rxd4 Kf8 23. Bb5 Rc8 24. Rhd1 d5 25. Bd3 Qa7 26. Bf5 Rc7 27.
Kb1 Ne7 28. Bh3 Nc6 29. R4d2 Kg8 30. Bg2 Na5 31. Re2 Qb8 32. Qf2 Nc4 33. c3 Nd6
34. Qe3 Nfe4 35. Ka1 Rc5 36. Bxe4 Nxe4 37. Red2 Nxd2 38. Qxc5 Nc4 39. b3 Nb6
40. a4 h5 41. a5 Nd7 42. Qxd5 Nf8 43. f5 Rh6 44. Kb1 Qc8 45. Rd3 Rc6 46. b4
Rxc3 47. Rxc3 Qxc3 48. Qe4 Qb3+ 49. Kc1 Qa2 50. f6 gxf6 51. Qh4 Ng6 52. Qxh5
Qc4+ 53. Kd1 Qxb4 54. Qd5 Qb1+ 55. Ke2 Qb2+ 56. Qd2 Qb5+ 57. Ke3 Ne5 58. Qc3
Nc4+ 59. Ke4 Nxa5 60. Qxf6 Nb3 61. Qd8+ Kg7 62. Qd5 Qe2+ 63. Kf4 Qf2+ 64. Kg4
Qb6 65. h4 Nd4 66. Qe5+ Kh7 67. Kf4 Nb3 68. Qf5+ Kg8 69. h5 Nd4 70. Qg5+ Kf8
71. Qd5 Qf6+ 72. Kg4 Qf2 73. Qd8+ Kg7 74. h6+ Kh7 75. Qd7 Qf3+ 76. Kh3 Qf6 77.
Kg2 Kxh6 78. Qg4 Qe5 79. Kf2 Qf5+ 80. Qxf5 Nxf5 81. g4 Kg5 82. Kf3 f6 83. Ke4
Kxg4 84. Kd3 Nd4 85. Kc3 f5 86. Kd2 f4 87. Ke1 Nc2+ 88. Kf2 f3 89. Kg1 Kg3 90.
Kf1 Ne3+ 91. Ke1 f2+ 92. Kd2 Kf3 93. Kd3 f1=Q+ 94. Kd4 Qc4+ 95. Ke5 Qc6 96. Kd4
Kf4 97. Kd3 Qc2+ 98. Kd4 Qc4# 0-1

[Event "?"]
[Site "gics rated blitz game, gics, "]
[Date "1997.??.??"]
[Round "?"]
[White "Brause"]
[Black "Wildsau"]
[Result "0-1"]
[WhiteElo "2355"]
[BlackElo "2485"]
[PlyCount "147"]

1. e4 e5 2. Nf3 Nc6 3. Nc3 Nf6 4. Nxe5 Nxe5 5. d4 Nc6 6. d5 Ne5 7. f4 Ng6 8. e5
Ng8 9. d6 cxd6 10. exd6 Qh4+ 11. g3 Qf6 12. Nb5 Kd8 13. Be3 b6 14. Nxa7 Bxd6
15. Bxb6+ Ke8 16. Nxc8 Rxc8 17. Bd4 Qe7+ 18. Be2 Nf6 19. Qd3 Rc6 20. Qf3 Kf8
21. O-O-O Bc5 22. Bb5 Bxd4 23. Rxd4 Rc8 24. Rhd1 d5 25. Bd3 Qa7 26. Bf5 Rc7 27.
Kb1 Ne7 28. Bh3 Nc6 29. R4d2 Kg8 30. Bg2 Ne7 31. Qd3 Qa4 32. Bf3 Qc6 33. g4 h6
34. Re1 Ng6 35. Bxd5 Nxf4 36. Bxc6 Nxd3 37. Be4 Nxe4 38. Rxe4 Nc5 39. Re8+ Kh7
40. Rxh8+ Kxh8 41. c4 Ne4 42. Rd8+ Kh7 43. b3 Kg6 44. Rd4 Re7 45. h4 f5 46.
gxf5+ Kxf5 47. a4 g5 48. hxg5 hxg5 49. a5 g4 50. Kc2 Rh7 51. Rd5+ Kf4 52. b4 g3
53. Rd1 Rh2+ 54. Kb3 g2 55. Rg1 Nd2+ 56. Kc3 Nf3 57. Rxg2 Rxg2 58. a6 Rg7 59.
b5 Ra7 60. c5 Ne5 61. Kd4 Rd7+ 62. Kc3 Rd5 63. b6 Rxc5+ 64. Kb4 Rd5 65. a7 Nc6+
66. Kb3 Ra5 67. Kc4 Ke4 68. Kc3 Kd5 69. Kd2 Kc5 70. Ke3 Kxb6 71. a8=Q Rxa8 72.
Ke4 Re8+ 73. Kd5 Nb4+ 74. Kd4 0-1

[Event "?"]
[Site "gics rated blitz game, gics, "]
[Date "1997.??.??"]
[Round "?"]
[White "Brause"]
[Black "Lichtzahn"]
[Result "1/2-1/2"]
[WhiteElo "2365"]
[BlackElo "2550"]
[PlyCount "164"]

1. e4 e5 2. Nf3 Nc6 3. Nc3 Nf6 4. Nxe5 Nxe5 5. d4 Ng6 6. e5 Ng8 7. Bc4 c6 8.
Qf3 d5 9. exd6 Be6 10. Bxe6 fxe6 11. Ne4 Qa5+ 12. Bd2 Qf5 13. h4 h5 14. O-O-O
O-O-O 15. Ng5 Nh6 16. Rde1 Rxd6 17. Nxe6 Nxh4 18. Qxf5 N6xf5 19. Nxf8 Rxf8 20.
Bb4 Nxg2 21. Bxd6 Nxd6 22. Reg1 Nf4 23. Rxg7 Nf5 24. Rh7 Nxd4 25. Rd1 Nde2+ 26.
Kb1 Nd5 27. Rxh5 Rxf2 28. Rh7 a6 29. a3 Kb8 30. Rg7 Ka7 31. Rh1 Nf6 32. Rh6 Nd4
33. Rf7 Rf1+ 34. Ka2 Ng4 35. Rxf1 Nxh6 36. Rf6 Ng8 37. Rf8 Ne7 38. Rf7 Ndf5 39.
b4 Kb8 40. c4 b6 41. Rf8+ Kb7 42. c5 bxc5 43. bxc5 Nh4 44. Kb3 Nhf5 45. Ka2 Ne3
46. Kb3 N3d5 47. Kc4 Ng6 48. Rd8 Ne5+ 49. Kd4 Nf3+ 50. Kd3 Nc7 51. Kc3 Ng5 52.
Kb4 Ne4 53. Rd7 Kc8 54. Rd4 Nf6 55. Rd6 Kb7 56. Kc4 Ncd5 57. Rd8 Ng4 58. Rd7+
Kc8 59. Rg7 Nge3+ 60. Kd3 Nf5 61. Rg5 Nfe7 62. Ke4 Kd7 63. Ke5 Ne3 64. Rg7 a5
65. Kf6 N3d5+ 66. Ke5 Nc7 67. Rg4 Ne6 68. Ra4 Nxc5 69. Rxa5 Nb7 70. Ra4 c5 71.
Rc4 Nc6+ 72. Kd5 Nd6 73. Rxc5 Ne7+ 74. Kd4 Nc6+ 75. Kd5 Ne7+ 76. Kd4 Ke6 77.
Re5+ Kf6 78. a4 Nc6+ 79. Kd5 Nxe5 80. Kxd6 Nd3 81. a5 Nb4 82. a6 Nxa6 1/2-1/2

[Event "?"]
[Site "gics rated blitz game, gics, "]
[Date "1997.??.??"]
[Round "?"]
[White "Brause"]
[Black "Seattle"]
[Result "1-0"]
[WhiteElo "2350"]
[BlackElo "1715"]
[PlyCount "41"]

1. e4 e5 2. Nf3 Nc6 3. Nc3 Nf6 4. Nxe5 Nxe5 5. d4 Nc6 6. d5 Ne5 7. f4 Ng6 8. e5
Ng8 9. d6 c6 10. g3 f6 11. Qh5 Qa5 12. Bd3 Nh6 13. Bxg6+ hxg6 14. Qxg6+ Nf7 15.
O-O Qb6+ 16. Kg2 Qd4 17. Rd1 Qc5 18. exf6 gxf6 19. Re1+ Be7 20. Rxe7+ Kf8 21.
Qxf7# 1-0

[Event "?"]
[Site "gics rated blitz game, gics, "]
[Date "1997.??.??"]
[Round "?"]
[White "Brause"]
[Black "struppi"]
[Result "1/2-1/2"]
[WhiteElo "2350"]
[BlackElo "2290"]
[PlyCount "226"]

1. e4 e5 2. Nf3 Nc6 3. Nc3 Nf6 4. Nxe5 Nxe5 5. d4 Ng6 6. e5 Ng8 7. Bc4 d6 8.
Qf3 f6 9. O-O dxe5 10. dxe5 Nxe5 11. Qe4 Bc5 12. Rd1 Qe7 13. Nd5 Qd6 14. Bf4 c6
15. Nb6 axb6 16. Rxd6 Bxd6 17. Bxg8 Rxg8 18. Bxe5 fxe5 19. Qxh7 Kf7 20. Qd3 Bc7
21. Qf3+ Ke7 22. c4 Rd8 23. Qb3 Be6 24. Qc2 Kf6 25. b3 Bf5 26. Qb2 Rd4 27. Re1
Bd6 28. h3 Bb4 29. Re2 g5 30. Kh2 Bd3 31. Re3 Bg6 32. a4 Ra5 33. Rf3+ Kg7 34.
Qa1 Bc2 35. Rg3 Bd2 36. Qa3 c5 37. Qb2 Bf5 38. Re3 Bxe3 39. fxe3 Re4 40. Qf2
Bg6 41. Qd2 g4 42. hxg4 Ra8 43. Qd7+ Bf7 44. Qxb7 Rh8+ 45. Kg1 Rxe3 46. Qxb6
Rc8 47. Kf2 Rc3 48. g5 Rf8 49. Qh6+ Kg8 50. Kg1 Rg3 51. Kh2 Rg4 52. Kh3 Rd4 53.
g6 Be6+ 54. Kh2 Rd7 55. g7 Re8 56. Qh8+ Kf7 57. Qh5+ Ke7 58. Qxe5 Rc8 59. a5
Kf7 60. g4 Rc6 61. Qe4 Rc8 62. g5 Ke7 63. Kg2 Rd2+ 64. Kf3 Rcd8 65. Ke3 Rd1 66.
Qf4 R1d3+ 67. Kf2 Kd7 68. Qe5 Rc8 69. b4 cxb4 70. Qb5+ Ke7 71. Qb7+ Kd8 72.
Qxb4 Rd7 73. Qf8+ Kc7 74. Ke3 Kb8 75. Qb4+ Ka8 76. Qb5 Ra7 77. Qe5 Bg8 78. Qe4+
Kb8 79. Qd4 Rac7 80. c5 Rxc5 81. Qd6+ R5c7 82. Qb4+ Ka7 83. Qb6+ Ka8 84. Qa6+
Kb8 85. Qd6 Re8+ 86. Kf4 Re6 87. Qb4+ Ka7 88. Qf8 Rf7+ 89. Kg4 Rg6 90. Qxg8
Rfxg7 91. Qd8 Rxg5+ 92. Kf4 R5g6 93. Ke4 Rg4+ 94. Kd3 Rg3+ 95. Kd4 R3g4+ 96.
Ke3 Rg3+ 97. Kd2 Rg2+ 98. Ke1 Rg1+ 99. Kf2 R1g2+ 100. Kf3 R2g3+ 101. Ke2 Rg2+
102. Kd3 R2g3+ 103. Kc2 Rg2+ 104. Kc1 Rg1+ 105. Kb2 R1g2+ 106. Kc3 R2g3+ 107.
Kd4 R3g4+ 108. Kd5 R4g5+ 109. Ke6 R5g6+ 110. Kf5 Rg5+ 111. Qxg5 Rxg5+ 112. Kxg5
Ka6 113. Kh6 Kxa5 1/2-1/2

[Event "?"]
[Site "gics rated blitz game, gics, "]
[Date "1997.??.??"]
[Round "?"]
[White "Brause"]
[Black "Wildsau"]
[Result "1-0"]
[WhiteElo "2340"]
[BlackElo "2445"]
[PlyCount "179"]

1. e4 e5 2. Nf3 Nc6 3. Nc3 Nf6 4. Nxe5 Nxe5 5. d4 Nc6 6. d5 Na5 7. e5 Qe7 8.
Qe2 Ng8 9. d6 Qh4 10. Nd5 Kd8 11. g3 Qd4 12. Bg5+ Ne7 13. Bxe7+ Bxe7 14. dxe7+
Ke8 15. Nxc7+ Kxe7 16. c3 Qc5 17. Nxa8 b6 18. Qh5 Re8 19. Bg2 Bb7 20. Bxb7 Nxb7
21. O-O-O Rxa8 22. Qxh7 g6 23. Qh4+ Ke8 24. Qh8+ Qf8 25. Qxf8+ Kxf8 26. Rxd7
Nc5 27. Rd2 Ke7 28. Rhd1 Ke6 29. f4 Kf5 30. Kc2 Rh8 31. Re2 Kg4 32. Rd5 Kf3 33.
Kd1 Rc8 34. a3 b5 35. Red2 a6 36. Kc2 Ne4 37. R2d3+ Kg2 38. Re3 Nc5 39. Rd2+
Kh3 40. Re1 Kg4 41. Rd5 Kh3 42. Re2 Kg4 43. b3 Kf3 44. Re1 Kf2 45. Red1 Ne4 46.
R1d3 Nc5 47. Rd2+ Kf3 48. Rd1 Ne4 49. R1d3+ Kg2 50. Re3 Nc5 51. g4 Kf2 52. Rg3
Ne4 53. Rh3 Rc6 54. Rd4 Kg2 55. Re3 f5 56. h4 Kf2 57. Rdd3 Re6 58. a4 Nc5 59.
Rf3+ Kg2 60. Rg3+ Kf2 61. Rdf3+ Ke2 62. gxf5 gxf5 63. axb5 axb5 64. Re3+ Kf1
65. Rg5 Kf2 66. Rh3 Rc6 67. Kb2 Rc8 68. h5 Rf8 69. Rgg3 Rh8 70. Rf3+ Ke2 71.
Re3+ Kf2 72. e6 Ne4 73. Rd3 Rh7 74. Rh2+ Kg1 75. Rc2 Nf2 76. Rg3+ Kf1 77. Rf3
Kg2 78. Rcxf2+ Kg1 79. Re2 Re7 80. h6 b4 81. Rd3 Kf1 82. Rh2 bxc3+ 83. Kxc3
Rc7+ 84. Kb2 Ke1 85. Rc3 Rxc3 86. Kxc3 Kf1 87. h7 Kg1 88. h8=Q Kf1 89. Qh4 Kg1
90. Qf2# 1-0

[Event "?"]
[Site "gics rated blitz game, gics, "]
[Date "1997.??.??"]
[Round "?"]
[White "Brause"]
[Black "LeoPow"]
[Result "1-0"]
[WhiteElo "2320"]
[BlackElo "1890"]
[PlyCount "59"]

1. e4 e5 2. Nf3 Nc6 3. Nc3 Nf6 4. Nxe5 Nxe5 5. d4 Ng6 6. e5 Qe7 7. f4 d6 8. Be2
Nd7 9. O-O dxe5 10. fxe5 c5 11. Bc4 f6 12. exf6 gxf6 13. Re1 Nge5 14. dxe5 fxe5
15. Qh5+ Kd8 16. Bg5 Nf6 17. Qd1+ Bd7 18. Nd5 Nxd5 19. Bxe7+ Bxe7 20. Qxd5 Kc8
21. Qxe5 Re8 22. Bf7 Rd8 23. Qxe7 b6 24. Rad1 a5 25. Rxd7 Rxd7 26. Be6 Raa7 27.
Qe8+ Kb7 28. Qxd7+ Ka6 29. Bc4+ b5 30. Qxb5# 1-0

[Event "?"]
[Site "gics rated blitz game, gics, "]
[Date "1997.??.??"]
[Round "?"]
[White "Brause"]
[Black "Wildsau"]
[Result "1-0"]
[WhiteElo "2340"]
[BlackElo "2455"]
[PlyCount "59"]

1. e4 e5 2. Nf3 Nc6 3. Nc3 Nf6 4. Nxe5 Nxe5 5. d4 Nc6 6. d5 Ne5 7. f4 Ng6 8. e5
Ng8 9. d6 cxd6 10. exd6 Qh4+ 11. g3 Qf6 12. Nb5 Kd8 13. Be3 Qxb2 14. Bd4 Qb4+
15. c3 Qa5 16. f5 Ne5 17. Bxe5 a6 18. Qh5 axb5 19. Qxf7 Nh6 20. Bf6+ gxf6 21.
Qxf6+ Ke8 22. Be2 Ng4 23. Bxg4 h5 24. Kd2 Qxa2+ 25. Rxa2 Rxa2+ 26. Kd3 Re2 27.
Bxe2 Rh7 28. Bxh5+ Rxh5 29. Re1+ Be7 30. Qxe7# 1-0

[Event "?"]
[Site "gics rated blitz game, gics, "]
[Date "1997.??.??"]
[Round "?"]
[White "Brause"]
[Black "Wildsau"]
[Result "0-1"]
[WhiteElo "2335"]
[BlackElo "2455"]
[PlyCount "136"]

1. e4 e5 2. Nf3 Nc6 3. Nc3 Nf6 4. Nxe5 Nxe5 5. d4 Nc6 6. d5 Ne5 7. f4 Ng6 8. e5
Ng8 9. d6 cxd6 10. exd6 Qh4+ 11. g3 Qf6 12. Nb5 Kd8 13. Be3 b6 14. Nxa7 Bxd6
15. Bxb6+ Ke7 16. Bb5 Qe6+ 17. Kf2 Bb7 18. Re1 Be4 19. Qd4 f5 20. Qxg7+ Ke8 21.
Qd4 Be7 22. Kg1 Rb8 23. Bc5 Nf6 24. Bc4 Bxc5 25. Qxc5 Qe7 26. Qxe7+ Nxe7 27.
Nb5 Kf8 28. c3 Bc6 29. a4 Ne4 30. Ra2 d5 31. Be2 h5 32. Nd4 h4 33. Nxc6 Nxc6
34. g4 fxg4 35. Bxg4 Rg8 36. h3 Nf6 37. Kh1 Nxg4 38. hxg4 Rxg4 39. Rd1 d4 40.
Rf1 Re8 41. Ra3 Re2 42. cxd4 Nxd4 43. Rd1 Nf5 44. Rd8+ Ke7 45. Ra8 Rxf4 46. Rg8
Ng3+ 47. Raxg3 hxg3 48. Rxg3 Rxb2 49. Rg2 Rb1+ 50. Kh2 Rxa4 51. Re2+ Kd6 52.
Kg2 Rf4 53. Kg3 Rbf1 54. Rb2 R4f3+ 55. Kg4 Rf8 56. Rd2+ Ke5 57. Kh3 Rg8 58. Kh2
Kf4 59. Rd4+ Kf3 60. Rd3+ Kf2 61. Rd2+ Ke3 62. Rd7 Rgf8 63. Rb7 R8f3 64. Rb3+
Kf4 65. Rb4+ Kf5 66. Rb2 R3f2+ 67. Rxf2+ Rxf2+ 68. Kg3 Rf4 0-1

[Event "?"]
[Site "gics rated blitz game, gics, "]
[Date "1997.??.??"]
[Round "?"]
[White "Brause"]
[Black "jezdec"]
[Result "1-0"]
[WhiteElo "2325"]
[BlackElo "2235"]
[PlyCount "81"]

1. e4 e5 2. Nf3 Nc6 3. Nc3 Nf6 4. Nxe5 Nxe5 5. d4 Ng6 6. e5 Ng8 7. Bc4 Bb4 8.
Qf3 Qe7 9. O-O Bxc3 10. bxc3 Nh6 11. g3 O-O 12. Qh5 Kh8 13. Bxh6 gxh6 14. Qxh6
d5 15. Bxd5 c6 16. Be4 Be6 17. f4 f5 18. exf6 Rxf6 19. f5 Nf8 20. Qf4 Bd5 21.
Rae1 Qd6 22. Qxd6 Rxd6 23. a4 Rad8 24. g4 h6 25. Bxd5 cxd5 26. Re7 R8d7 27.
Rfe1 Rxe7 28. Rxe7 Rd7 29. Re5 Kg7 30. Kf2 Nh7 31. Ke3 Ng5 32. a5 Nf7 33. Re6
Nd6 34. Kf4 Nc4 35. a6 bxa6 36. Rxa6 Nb6 37. h4 Re7 38. g5 hxg5+ 39. hxg5 Kf7
40. f6 Rc7 41. Kf5 1-0

[Event "?"]
[Site "gics rated blitz game, gics, "]
[Date "1997.??.??"]
[Round "?"]
[White "Brause"]
[Black "jezdec"]
[Result "0-1"]
[WhiteElo "2340"]
[BlackElo "2225"]
[PlyCount "90"]

1. e4 e5 2. Nf3 Nc6 3. Nc3 Nf6 4. Nxe5 Nxe5 5. d4 Ng6 6. e5 Ng8 7. Bc4 Bb4 8.
Qf3 Qe7 9. O-O Bxc3 10. bxc3 Nh6 11. g3 O-O 12. Qh5 Kh8 13. Bxh6 gxh6 14. Qxh6
d6 15. exd6 Qxd6 16. Rae1 Be6 17. Bxe6 fxe6 18. Qe3 Rae8 19. Qe4 Qd5 20. Qxd5
exd5 21. f4 Kg7 22. Rxe8 Rxe8 23. Rb1 b6 24. Kf1 Kf6 25. Re1 Rxe1+ 26. Kxe1 Kf5
27. Ke2 Ke4 28. Kf2 Ne7 29. Ke2 h5 30. Kf2 Nf5 31. a4 Ne3 32. Ke2 Nxc2 33. Kd2
Ne3 34. Ke2 Nf5 35. Kd2 a5 36. Ke2 c6 37. Kd2 b5 38. axb5 cxb5 39. Kc1 Kf3 40.
Kc2 Kg2 41. h4 Kxg3 42. Kd3 Kxh4 43. Kd2 Kg3 44. Ke2 Kg2 45. Kd3 h4 0-1

[Event "?"]
[Site "gics rated blitz game, gics, "]
[Date "1997.??.??"]
[Round "?"]
[White "Brause"]
[Black "jezdec"]
[Result "1-0"]
[WhiteElo "2335"]
[BlackElo "2230"]
[PlyCount "82"]

1. e4 e5 2. Nf3 Nc6 3. Nc3 Nf6 4. Nxe5 Nxe5 5. d4 Ng6 6. e5 Ng8 7. Bc4 Bb4 8.
Qf3 Qe7 9. O-O Bxc3 10. bxc3 Nh6 11. g3 O-O 12. Qh5 Kh8 13. a4 d6 14. Bxh6 gxh6
15. f4 f5 16. Qxh6 dxe5 17. fxe5 c5 18. Rab1 b6 19. a5 Rb8 20. axb6 Rxb6 21.
Bd3 Qg7 22. Qxg7+ Kxg7 23. Ra1 a6 24. Ra5 cxd4 25. cxd4 Rd8 26. Rc5 Be6 27. c3
Ne7 28. Ra1 Bc8 29. Rc7 Kf8 30. Bc4 Rd7 31. Rxd7 Bxd7 32. Rxa6 Rxa6 33. Bxa6
Nd5 34. c4 Nb6 35. d5 Na4 36. Kg2 Nc5 37. Bb5 Bxb5 38. cxb5 Ke7 39. b6 Kd7 40.
Kf3 Nd3 41. e6+ Kc8 1-0

[Event "?"]
[Site "gics rated blitz game, gics, "]
[Date "1997.??.??"]
[Round "?"]
[White "Brause"]
[Black "jezdec"]
[Result "0-1"]
[WhiteElo "2355"]
[BlackElo "2215"]
[PlyCount "223"]

1. e4 e5 2. Nf3 Nc6 3. Nc3 Nf6 4. Nxe5 Nxe5 5. d4 Ng6 6. e5 Ng8 7. Bc4 Bb4 8.
Qf3 Qe7 9. O-O Bxc3 10. bxc3 Nh6 11. g3 O-O 12. Qh5 Kh8 13. a4 Ng8 14. Ba3 d6
15. Rfe1 Qd8 16. Bf1 Bd7 17. exd6 cxd6 18. Bxd6 Re8 19. Rxe8 Qxe8 20. a5 Nf6
21. Qe2 Bc6 22. Qxe8+ Rxe8 23. c4 Bf3 24. Ra3 Be2 25. f3 Bxf1 26. Kxf1 Rd8 27.
Bc5 a6 28. Rb3 Rd7 29. d5 h6 30. Bd4 Ne7 31. Bxf6 gxf6 32. Ke2 Kg7 33. f4 h5
34. Kf3 Kg6 35. Rd3 Nc8 36. c5 Ne7 37. c4 Kf5 38. Rd2 Kg6 39. Rd1 f5 40. Ke3
Kf6 41. Rb1 Kg7 42. Rf1 Kf8 43. Rf2 Ke8 44. Rb2 Kd8 45. h3 Kc8 46. Rb6 Ng8 47.
c6 bxc6 48. Rxc6+ Kb7 49. Rb6+ Ka7 50. Kd4 Rb7 51. Rxb7+ Kxb7 52. Ke5 Ne7 53.
c5 Kc8 54. c6 Ng6+ 55. Kd4 Kc7 56. Kc5 h4 57. d6+ Kc8 58. gxh4 Nxf4 59. Kc4 Nh5
60. Kd5 f4 61. Ke4 Kd8 62. Kf3 f5 63. Kf2 Nf6 64. d7 Kc7 65. Kf3 Nh5 66. Ke2
Kd8 67. Kf2 Kc7 68. Kf3 Kd8 69. Kg2 Kc7 70. Kf1 Nf6 71. Ke2 Nh5 72. Kd2 Ng7 73.
Ke1 Nh5 74. Kf2 Nf6 75. Kg1 Nh5 76. Kg2 Ng7 77. Kf1 Nh5 78. Ke1 Kd8 79. Kd2 Kc7
80. Kd3 Nf6 81. h5 Nxh5 82. h4 Ng3 83. Kd2 Nh5 84. Ke2 Ng7 85. Kf2 Nh5 86. Kg2
Ng7 87. Kg1 Kd8 88. Kf2 Kc7 89. Kg2 Nh5 90. Kf2 Ng7 91. Ke1 Kd8 92. Kf1 Kc7 93.
Kf2 Nh5 94. Kf3 Kd8 95. Ke2 Nf6 96. h5 Nxh5 97. Kd3 Kc7 98. Kc3 Ng7 99. Kd4
Ne6+ 100. Ke5 Nd8 101. Kxf4 Nxc6 102. Kxf5 Kxd7 103. Ke4 Nxa5 104. Kd4 Kc6 105.
Ke5 Kc5 106. Ke4 Kc4 107. Ke3 Kc3 108. Kf3 Nc4 109. Ke2 a5 110. Kd1 Kb2 111.
Ke2 a4 112. Kd3 0-1

[Event "?"]
[Site "gics rated blitz game, gics, "]
[Date "1997.??.??"]
[Round "?"]
[White "Brause"]
[Black "jezdec"]
[Result "1-0"]
[WhiteElo "2350"]
[BlackElo "2220"]
[PlyCount "97"]

1. e4 e5 2. Nf3 Nc6 3. Nc3 Nf6 4. Nxe5 Nxe5 5. d4 Ng6 6. e5 Ng8 7. Bc4 Bb4 8.
Qf3 Qe7 9. O-O Bxc3 10. bxc3 Nh6 11. g3 O-O 12. Qh5 Kh8 13. Bxh6 gxh6 14. Qxh6
d6 15. exd6 Qxd6 16. Rae1 Bf5 17. Bd3 Bxd3 18. cxd3 Rae8 19. Qg5 Qd8 20. Qxd8
Rxd8 21. f4 f5 22. Rb1 b6 23. Rf3 Rfe8 24. Rb5 Rf8 25. Rb4 Kg7 26. Kf2 Rfe8 27.
Re3 Rxe3 28. Kxe3 Kf6 29. Ra4 a5 30. Rc4 Rd7 31. Rc6+ Kf7 32. Kf3 Ne7 33. Rh6
Kg7 34. Re6 Ng8 35. a3 Kf7 36. Re5 Kg6 37. h3 Re7 38. g4 Rxe5 39. dxe5 Nh6 40.
d4 c6 41. c4 b5 42. d5 cxd5 43. cxb5 Nf7 44. b6 Nd8 45. Ke3 Nc6 46. b7 fxg4 47.
hxg4 h5 48. f5+ Kg5 49. e6 1-0

[Event "?"]
[Site "gics rated blitz game, gics, "]
[Date "1997.??.??"]
[Round "?"]
[White "Brause"]
[Black "jezdec"]
[Result "1-0"]
[WhiteElo "2360"]
[BlackElo "2215"]
[PlyCount "43"]

1. e4 e5 2. Nf3 Nc6 3. Nc3 Nf6 4. Nxe5 Nxe5 5. d4 Ng6 6. e5 Ng8 7. Bc4 Bb4 8.
Qf3 Qe7 9. O-O Bxc3 10. bxc3 Nh6 11. g3 O-O 12. Qh5 Kh8 13. Bxh6 gxh6 14. Qxh6
d6 15. exd6 Qxd6 16. Rae1 Bf5 17. Bd3 Bxd3 18. cxd3 Qd5 19. h4 Rfe8 20. h5 Nf8
21. Qf6+ Kg8 22. h6 1-0

[Event "?"]
[Site "gics rated blitz game, gics, "]
[Date "1997.??.??"]
[Round "?"]
[White "Brause"]
[Black "jezdec"]
[Result "0-1"]
[WhiteElo "2360"]
[BlackElo "2210"]
[PlyCount "155"]

1. e4 e5 2. Nf3 Nc6 3. Nc3 Nf6 4. Nxe5 Nxe5 5. d4 Ng6 6. e5 Ng8 7. Bc4 Bb4 8.
Qf3 Qe7 9. O-O Bxc3 10. bxc3 Nh6 11. g3 O-O 12. Qh5 Kh8 13. Bxh6 gxh6 14. f4 f5
15. Qxh6 Qg7 16. Qxg7+ Kxg7 17. Rad1 d6 18. exd6 cxd6 19. Bd5 Rb8 20. Rde1 Bd7
21. Re2 Rfe8 22. Rxe8 Bxe8 23. Re1 Bf7 24. c4 b6 25. Kf2 Re8 26. Rxe8 Bxe8 27.
Ke3 Ne7 28. Bf3 Ba4 29. c3 Bc2 30. Kd2 Bb1 31. a3 Kf6 32. Ke3 Ke6 33. Kd2 Be4
34. Bxe4 fxe4 35. g4 d5 36. f5+ Kf6 37. cxd5 Nxd5 38. c4 Ne7 39. Ke3 h5 40. h3
hxg4 41. hxg4 Nxf5+ 42. gxf5 Kxf5 43. a4 a6 44. Ke2 Kf4 45. Kd2 Kf5 46. Ke3 a5
47. d5 Ke5 48. Ke2 Kd6 49. Kd2 Ke5 50. Ke3 Kf5 51. Kf2 Kf6 52. Ke2 Kf5 53. Ke1
Kf6 54. Kd1 Kf5 55. Kc2 Kf6 56. Kc3 Ke5 57. Kd2 Kf6 58. Ke1 Kf5 59. Ke2 Kf6 60.
Kf2 Kf5 61. Kg3 Kg5 62. Kh3 Kf5 63. Kh2 Kg5 64. Kg3 Kf5 65. Kh3 Kg5 66. Kh2 Kf5
67. Kh1 Kg5 68. Kg2 Kf5 69. d6 Ke6 70. Kg3 Kxd6 71. Kf4 Kc5 72. Kxe4 Kxc4 73.
Ke3 Kb4 74. Kd2 Kxa4 75. Kc3 b5 76. Kb2 b4 77. Ka2 b3+ 78. Kb2 0-1

[Event "?"]
[Site "gics rated blitz game, gics, "]
[Date "1997.??.??"]
[Round "?"]
[White "Brause"]
[Black "Gullideckeline"]
[Result "1-0"]
[WhiteElo "2325"]
[BlackElo "2200"]
[PlyCount "45"]

1. e4 Nc6 2. Nf3 e5 3. Nc3 Nf6 4. Nxe5 Nxe5 5. d4 Ng6 6. e5 Ng8 7. Bc4 Bb4 8.
Qf3 Bxc3+ 9. bxc3 f6 10. O-O c6 11. Re1 Qe7 12. Ba3 Qxa3 13. exf6+ Kf8 14. Bxg8
d5 15. Re3 Qb2 16. Rae1 Rxg8 17. fxg7+ Kxg7 18. Re7+ Nxe7 19. Rxe7+ Kg6 20.
Qf7+ Kg5 21. Re5+ Bf5 22. Rxf5+ Kg4 23. Qh5# 1-0

[Event "?"]
[Site "gics rated blitz game, gics, "]
[Date "1997.??.??"]
[Round "?"]
[White "Brause"]
[Black "Lichtzahn"]
[Result "0-1"]
[WhiteElo "2345"]
[BlackElo "2555"]
[PlyCount "92"]

1. e4 e5 2. Nf3 Nc6 3. Nc3 Nf6 4. Nxe5 Nxe5 5. d4 Ng6 6. e5 Ng8 7. Bc4 c6 8.
Qf3 d5 9. exd6 Be6 10. Bxe6 fxe6 11. Ne4 Qa5+ 12. Bd2 Qf5 13. h4 h5 14. c4 Qxf3
15. gxf3 Nh6 16. Bxh6 Rxh6 17. O-O-O O-O-O 18. Ng5 Bxd6 19. Nf7 Be7 20. Rhg1
Nxh4 21. Rxg7 Bf6 22. Rg3 Nf5 23. Rh3 h4 24. d5 Rhh8 25. d6 c5 26. Re1 Kd7 27.
Rd1 Rhg8 28. Nxd8 Rxd8 29. Kc2 Kc6 30. f4 Rxd6 31. Re1 Kd7 32. Ra3 Rd4 33. Rxa7
Rxc4+ 34. Kd3 Rd4+ 35. Ke2 Rxf4 36. Rxb7+ Kc6 37. Rb8 Kc7 38. Re8 Bxb2 39. Rb1
Bd4 40. f3 Ng3+ 41. Kd2 Rxf3 42. Rxe6 h3 43. Re7+ Kc6 44. Kc2 c4 45. Rd1 h2 46.
Re6+ Kc5 0-1

[Event "?"]
[Site "gics rated blitz game, gics, "]
[Date "1997.??.??"]
[Round "?"]
[White "Brause"]
[Black "jezdec"]
[Result "0-1"]
[WhiteElo "2345"]
[BlackElo "2235"]
[PlyCount "125"]

1. e4 e5 2. Nf3 Nc6 3. Nc3 Nf6 4. Nxe5 Nxe5 5. d4 Ng6 6. e5 Ng8 7. Bc4 Bb4 8.
Qf3 Qe7 9. O-O Bxc3 10. bxc3 Nh6 11. g3 O-O 12. Qh5 Kh8 13. Bxh6 gxh6 14. Qxh6
d6 15. exd6 Qxd6 16. Rfe1 Be6 17. Bxe6 fxe6 18. Rab1 b6 19. Qe3 Rf6 20. c4 Raf8
21. Rf1 Rf3 22. Qe4 e5 23. Rbd1 exd4 24. Rxd4 Qf6 25. Rd2 Qf5 26. Qxf5 R8xf5
27. Rd8+ Rf8 28. Rd7 R8f7 29. Rxf7 Rxf7 30. f4 Rf5 31. Rb1 Rc5 32. Rb4 a5 33.
Ra4 Kg7 34. Kf2 Kf6 35. Ke3 Kf5 36. Kf3 h5 37. h3 Ne7 38. g4+ Kg6 39. Ke4 Nc8
40. Kd4 Nd6 41. c3 Kh6 42. Kd3 Kg6 43. Kd4 Kf6 44. Kd3 Rc6 45. Kd4 Nb7 46. Ke3
Nc5 47. Ra3 Re6+ 48. Kf3 Re1 49. gxh5 Kf5 50. Kg3 Rg1+ 51. Kf2 Rg8 52. Kf3 Rh8
53. Kg3 Rxh5 54. Kh2 Kxf4 55. Kg2 Re5 56. h4 Re2+ 57. Kh3 Kf3 58. h5 Kf4 59.
Rb3 Ne4 60. Rb5 c5 61. Rxc5 bxc5 62. h6 Ng5+ 63. Kh4 0-1

[Event "?"]
[Site "gics rated blitz game, gics, "]
[Date "1997.??.??"]
[Round "?"]
[White "Brause"]
[Black "Tarambo"]
[Result "1-0"]
[WhiteElo "2335"]
[BlackElo "2025"]
[PlyCount "28"]

1. e4 e5 2. Nf3 Nc6 3. Nc3 Nf6 4. Nxe5 Nxe5 5. d4 Ng6 6. e5 Ng8 7. Bc4 d6 8.
Qf3 Be6 9. Qxb7 Bxc4 10. Qc6+ Ke7 11. exd6+ Qxd6 12. Qxa8 Nf6 13. Bg5 Qxd4 14.
Qc6 Qe5+ 1-0

[Event "?"]
[Site "gics rated blitz game, gics, "]
[Date "1997.??.??"]
[Round "?"]
[White "Brause"]
[Black "Lichtzahn"]
[Result "0-1"]
[WhiteElo "2320"]
[BlackElo "2575"]
[PlyCount "84"]

1. e4 e5 2. Nf3 Nc6 3. Nc3 Nf6 4. Nxe5 Nxe5 5. d4 Ng6 6. e5 Ng8 7. Bc4 c6 8.
Qf3 d5 9. exd6 Be6 10. Bxe6 fxe6 11. Ne4 Qa5+ 12. Bd2 Qf5 13. h4 h5 14. c4 Qxf3
15. gxf3 Nh6 16. Bxh6 Rxh6 17. O-O-O O-O-O 18. c5 Nf4 19. Kb1 Kd7 20. Rhe1 Rc8
21. Re3 Rg6 22. Ng5 Rf6 23. Nh7 Rf7 24. Re5 g6 25. Ng5 Rf5 26. Rxf5 exf5 27.
Re1 Re8 28. Re3 Bg7 29. Rb3 Rb8 30. Re3 Bf6 31. Nf7 Ng2 32. Rd3 Ke6 33. Ne5
Bxe5 34. dxe5 f4 35. d7 Ke7 36. Rd6 Nxh4 37. Kc2 Nxf3 38. Rxg6 Rh8 39. Rg7+ Kd8
40. Kd3 h4 41. e6 h3 42. e7+ Kxd7 0-1